Statistics for Pokemon General Trivia #2

Click here to take the quiz!

General Stats

  • This quiz has been taken 154 times
    (151 since last reset)
  • The average score is 15 of 25

Answer Stats

HintAnswer% Correct
When encountering a wild pokemon, what has a 1 in 8192 chance of occurring?A shiny appears!
95%
Which move types can defeat Shedinja?Fire
93%
Which move types can defeat Shedinja?Ghost
91%
Which move types can defeat Shedinja?Dark
89%
Which move types can defeat Shedinja?Flying
88%
Which move types can defeat Shedinja?Rock
83%
List all of the gen 1 pokemon that are genderless (excluding legendaries) .Ditto
73%
Which Pokemon does Ash own 30 of?Tauros
72%
List all of the gen 1 pokemon that are genderless (excluding legendaries) .Magnemite
70%
How many different natures can a Pokemon have?25
69%
List all of the gen 1 pokemon that are genderless.Magneton
69%
Name the four one hit knockout (one hit KO) moves.Sheer Cold
69%
Name the four one hit knockout (one hit KO) moves.Fissure
68%
List all of the gen 1 pokemon that are genderless.Electrode
58%
List all of the gen 1 pokemon that are genderless.Porygon
58%
List all of the gen 1 pokemon that are genderless.Voltorb
58%
Name the four one hit knockout (one hit KO) moves.Guillotine
57%
Name the cities that have a ground type gym in them.Viridian City
52%
Name the four one hit knockout (one hit KO) moves.Horn Drill
49%
Name the cities that have a ground type gym in them.Driftveil City
43%
What is the name of the safari zone in Sinnoh?Great Marsh
39%
Which Pokemon has the Japanese (Romaji) name Koiking?Magikarp
36%
List all of the gen 1 pokemon that are genderless.Starmie
28%
List all of the gen 1 pokemon that are genderless.Staryu
27%
What is the Japanese (Romaji) name for Blue (Gary in the anime)?Green
15%

Score Distribution

Percentile by Number Answered

Percent of People with Each Score

Your Score History

You have not taken this quiz since the last reset